000
00511nam a2200181Ia 4500
008
100917s9999 xx 000 0 und d
082
_b
44765
100
_a
काकोडकर चंद्रकांत
245
_a
खानदान
260
_b
चंद्रकांत प्रकाशन
_c
1974
300
_a
171
365
_b
12
520
_a
कादंबरी
630
_a
खानदान
650
_a
कादंबरी
730
_a
खानदान
942
_c
BOOK
999
_c
650159
_d
650156